Shaalegala nirvahane : Bangalore mattu Tumkur V.V.gala B.Ed patyakramadante (Prakatane-82) (Record no. 206883)

MARC details
000 -LEADER
fixed length control field 00484nam a2200145Ia 4500
008 - FIXED-LENGTH DATA ELEMENTS--GENERAL INFORMATION
fixed length control field 231221s9999 xx 000 0 und d
041 ## - LANGUAGE CODE
Language code of text/sound track or separate title English
082 ## - DEWEY DECIMAL CLASSIFICATION NUMBER
Classification number 371.2 PAD;1 R
100 ## - MAIN ENTRY--PERSONAL NAME
Personal name Padmaprasaad, S P
245 #0 - TITLE STATEMENT
Title Shaalegala nirvahane : Bangalore mattu Tumkur V.V.gala B.Ed patyakramadante (Prakatane-82)
260 ## - PUBLICATION, DISTRIBUTION, ETC.
Date of publication, distribution, etc. 2005
Name of publisher, distributor, etc. Sumukha
Place of publication, distribution, etc. Bangalore
300 ## - PHYSICAL DESCRIPTION
Extent 158
650 ## - SUBJECT ADDED ENTRY--TOPICAL TERM
Topical term or geographic name entry element Shaalegala,nirvahane,:,mattu,Tumkur,V.V.gala,B.Ed,patyakramadante,(Prakatane-82)
942 ## - ADDED ENTRY ELEMENTS (KOHA)
Koha item type Education Library
Holdings
Date last seen Total checkouts Full call number Accession number Cost, total (INR) price Price effective from Category Lost status Damaged status Department Withdrawn status Home library Current library Shelving location Entry date Vendor Cost, normal purchase price Grants Billnumber Billdate Currency symbol Conversion rate Discount Old discount
26/01/2024   371.2 PAD;1 R ED1917 34.00 26/01/2024 Education Library     Central Library   Central Library Central Library Central Library   Sapna Book House 40.00 EDU 33093 08/06/2010 RS 1 6 15
26/01/2024   371.2 PAD;2 R1 ED1918 34.00 26/01/2024 Education Library     Central Library   Central Library Central Library Central Library   Sapna Book House 40.00 EDU 33093 08/06/2010 RS 1 6 15
26/01/2024   371.2 PAD;3 ED1919 34.00 26/01/2024 Education Library     Central Library   Central Library Central Library Central Library   Sapna Book House 40.00 EDU 33093 08/06/2010 RS 1 6 15

© For any Suggestions or Query, please contact the library staff @ librarian@pes.edu or Phone: +9180 2672 1983/ 2108.